000 00552nam a22001817a 4500
005 20140409110305.0
010 _aENG-109608
020 _c200.00
_a9788189941635
035 _aEN-93141
037 _bDBAD/PUB
082 _a591
100 _aArumugam, N.
245 _aDevelopmental zoology /
_cby N. Arumugam
260 _bSaras Publication
_c2013
_aNagercoil
270 _bNagercoil
_e629002
_a114/35G, A. R. P. Camp Road, Periavilai, Kottar P. O.,
300 _axiv,504p. :
_c22cm(pbk)
_bill
942 _2ddc
_cEN
_mARU
_h591
999 _c83147
_d83147